Пропуск в контексте

Журнал исследований по управлению, 2018, № 11 Журнал

Сохранить в:
Bibliografiske detaljer
Format: Журнал
Online adgang:https://znanium.com/catalog/document?id=337383
https://znanium.com/cover/1013/1013866.jpg
Tags: Tilføj Tag
Ingen Tags, Vær først til at tagge denne postø!
LEADER 01111nam0a2200229 i 4500
001 RU\infra-m\znanium\bibl\1013866
003 https://znanium.com/catalog/document?id=337383
005 20250131000000.0
100 |a 20250131d2018 m y0rusy0150 ca 
101 0 |a rus 
102 |a RU 
200 1 |a Журнал исследований по управлению, 2018, № 11  |e Журнал 
210 1 |a Москва  |c ООО "Научно-издательский центр ИНФРА-М"  |d 2018 
215 |a 79 с. 
333 |a Дополнительное профессиональное образование 
606 |a Управление (менеджмент)  |2 local 
608 |a Журнал  |2 local 
675 |a 33  |z rus 
686 |a 65  |2 rubbk 
801 0 |a RU  |b Общество с ограниченной ответственностью «ЗНАНИУМ»  |c 20181213  |2 rusmarc 
856 4 |a znanium.com  |m ebs_support@infra-m.ru  |n НИЦ ИНФРА-М  |u https://znanium.com/catalog/document?id=337383 
856 4 1 |a znanium.com  |d /cover/1013  |f 1013866.jpg  |q image/jpeg  |u https://znanium.com/cover/1013/1013866.jpg